| 000 | 01243nam a2200313 a 4500 | ||
|---|---|---|---|
| 001 | 1174 | ||
| 003 | BR-CuiBMT | ||
| 005 | 20231130192056.0 | ||
| 008 | 231121s2015 baba 000 0 por d | ||
| 020 | _a8544202616 | ||
| 040 |
_aBR-CuiBMT _cBR-CuiBMT |
||
| 080 |
_22007 _a343.2 _x(094.9) _x(079.1) |
||
| 090 |
_a343.2(094.9)(079.1) _bH116l _c6. ed. |
||
| 100 | 1 | _aHabib, Gabriel | |
| 245 | 1 | 0 |
_aLeis penais especiais : _bTomo II/ _cGabriel Habib. |
| 250 | _a6. ed.,rev. ampl. e atual. | ||
| 260 |
_aSalvador : _bJuspodivm, _c2015. |
||
| 300 |
_a252 p. ; _c21 cm _bil. |
||
| 490 | 1 |
_aColeção leis especiais para concursos ; _vv. 12 |
|
| 500 | _aDicas para realização de provas com questões de concursos e jurisprudência do STF e STJ inseridas artigo por artigo. | ||
| 500 | _aAtualizado de acordo com os informativos e acórdãos do STF/STJ de 2013 e 2014. | ||
| 504 | _aInclui bibliografia. | ||
| 650 |
_aDireito penal _xLegislação _xQuestões de concursos _zBrasil |
||
| 650 |
_aDireito penal _xLei de crime hediondo _zBrasil |
||
| 650 |
_aDireito penal _xLei do Estatuto do desarmamento _zBrasil |
||
| 650 |
_aDireito penal _xLei de crimes de tortura _zBrasil |
||
| 830 | 0 |
_aLeis especiais para concursos ; _v12 |
|
| 942 |
_2udc _cLV |
||
| 999 |
_c1174 _d1174 |
||